| 000 | 01108nam a2200217 u 4500 | ||
|---|---|---|---|
| 001 | 000824610 | ||
| 003 | AM-YeHGA | ||
| 005 | 20250617144624.0 | ||
| 008 | 110725s1984 ru r 000 0 rus d | ||
| 040 | _aAM-YeHGA | ||
| 041 | 0 | _arus | |
| 245 | 0 | 0 |
_aАктуальные проблемы авиационной науки и техники / _c[Редкол.: М. А. Лаврентьев (пред.) и др.]. |
| 260 |
_aМосква : _bМашиностроение, _c1984. |
||
| 300 |
_a278 с. : _bил. |
||
| 500 | _aВ надзаг. также: АН ССР, М-во высш. и сред. спец. образования СССР, Нац. ком. СССР по теорет. и прикл. механике, Моск. авиац. ин-т им. Серго Орджоникидзе | ||
| 504 | _aБиблиогр. в конце ст. | ||
| 653 | 0 | _aАвиационные конструкции - Сборники | |
| 653 | 0 | _aАвиационные материалы - Сборники | |
| 700 | 1 |
_aЛаврентьев, Михаил Алексеевич _eред. _4edt |
|
| 090 | _c299289 | ||
| 999 |
_c297595 _d297595 |
||